00606 2200217 4500001002100000005001500021035002000036245008200056100002900138250000600167300003500173700001200208260003900220082001200259084001800271020001600289650003200305990001700337990001700354990001700371INLIS00000000000021620180918045125 a0010-09180000701 aSelayang Pandang DKI Jakarta /cMoh. Rofi'i Adji Sayekti; Ilustrator, Junarko0 aMoh. Rofi'i Adji Sayekti a- aiv, 60 hlm. :bilus. ;c21 cm.0 aJunarko aKlaten :bPT Intan Pariwara,c2008 a911.598 a911.598 MOH s a979-28-0456 aGeografi Historis Indonesia a00927/P/2018 a00928/P/2018 a00929/P/2018